Sports Quiz

Random Sports Quiz

Seattle Seahawks Starting QB Quiz Stats

 Plays Quiz not verified by Sporcle

Challenge
Share
Tweet
Embed
Score 0/22 Timer 03:00
0 Plays Today
Starts (Record) Player % Correct
16 (11-5)Russell Wilson
96.3%
131 (69-62)Matt Hasselbeck
95.8%
100 (40-60)Jim Zorn
83.8%
119 (70-49)Dave Krieg
81.7%
14 (7-7)Tarvaris Jackson
77%
51 (20-31)Rick Mirer
72.8%
24 (11-13)Warren Moon
72.3%
14 (5-9)Seneca Wallace
70.7%
4 (1-3)Charlie Whitehurst
68.1%
33 (18-15)Jon Kitna
66.5%
5 (2-3)Dan McGwire
57.6%
Starts (Record) Player % Correct
12 (8-4)Trent Dilfer
51.8%
16 (5-11)Kelly Stouffer
38.7%
11 (6-5)John Friesz
35.1%
1 (0-1)Charlie Frye
35.1%
9 (1-8)Stan Gelbaugh
33%
4 (0-4)Brock Huard
31.4%
7 (3-4)Jeff Kemp
23%
1 (1-0)Glenn Foley
22.5%
4 (1-3)Steve Myer
14.1%
2 (1-1)Bruce Mathison
12.6%
2 (0-2)Gale Gilbert
11%

You're not logged in!

Compare scores with friends on all Sporcle quizzes.
Join for Free
OR
Log In

You Might Also Like...

Show Comments

Extras

Top Quizzes Today


Score Distribution

Your Account Isn't Verified!

In order to create a playlist on Sporcle, you need to verify the email address you used during registration. Go to your Sporcle Settings to finish the process.

Report this User

Report this user for behavior that violates our Community Guidelines.

Details: